000 00408nam a2200181Ia 4500
005 20250603145835.0
008 250603s9999 xx 000 0 und d
020 _a978-030-5335
050 _aPR 9387.9 .U378 B76/
100 _aUkala, Gracy
245 4 _aThe broken bond
260 _aIbadan
260 _bUniversity Press
260 _c2009
300 _a248 p
650 _aIbadan
942 _cBK
999 _c43014
_d43014